| 000 | 00453cam a2200169ua 4500 | ||
|---|---|---|---|
| 003 | OSt | ||
| 008 | 250813b |||||||| |||| 00| 0 eng d | ||
| 041 | _aeng | ||
| 082 |
_a627.02 _bHOO/WA |
||
| 100 |
_aHooja , Rakesh . _97717 |
||
| 245 | 0 | 0 | _aWater management: multiple dimensions / |
| 260 |
_aNew Delhi : _bRawat Publications , _c2007. |
||
| 300 | _a298 ; . | ||
| 700 | 1 |
_aArora, Ramesh K . _97718 |
|
| 700 | 1 |
_aParnami, K K . _97719 |
|
| 942 | _cBK | ||
| 999 |
_c13334 _d13334 |
||